Leadership on the future battlefield (Record no. 551567)
[ view plain ]
| 000 -LEADER | |
|---|---|
| fixed length control field | 00659nam a2200193Ia 4500 |
| 020 ## - INTERNATIONAL STANDARD BOOK NUMBER | |
| International Standard Book Number | 0080316212(hb) |
| 082 ## - DEWEY DECIMAL CLASSIFICATION NUMBER | |
| Classification number | 355.33041 |
| Author Mark | LEA |
| -- | L-30, P-74 |
| 100 ## - MAIN ENTRY--PERSONAL NAME | |
| Personal name | James G. Hunt |
| 9 (RLIN) | 48712 |
| 245 ## - TITLE STATEMENT | |
| Title | Leadership on the future battlefield |
| 260 ## - PUBLICATION, DISTRIBUTION, ETC. | |
| Place of publication, distribution, etc. | Lahore: |
| Name of publisher, distributor, etc. | Wajidalis, |
| Date of publication, distribution, etc. | 1988 |
| 300 ## - PHYSICAL DESCRIPTION | |
| Extent | 349p. : ill |
| 526 ## - STUDY PROGRAM INFORMATION NOTE | |
| Program name | 0 |
| Interest level | 0 |
| Reading level | 0 |
| Title point value | 355_330410000000000_LEA |
| 526 ## - STUDY PROGRAM INFORMATION NOTE | |
| Program name | 0 |
| Interest level | 0 |
| Reading level | 0 |
| Title point value | 355_330410000000000_LEA |
| 650 ## - SUBJECT ADDED ENTRY--TOPICAL TERM | |
| Topical term or geographic name entry element | Leadership -- Addresses- Essays- Lectures Etc. |
| 9 (RLIN) | 48713 |
| 650 ## - SUBJECT ADDED ENTRY--TOPICAL TERM | |
| Topical term or geographic name entry element | MCE |
| 9 (RLIN) | 379 |
| 650 ## - SUBJECT ADDED ENTRY--TOPICAL TERM | |
| Topical term or geographic name entry element | United States -- Armed Forces -- Personnel Management -- Addresses- Essays- Lectures Etc. |
| 9 (RLIN) | 48714 |
| 700 ## - ADDED ENTRY--PERSONAL NAME | |
| Personal name | Hunt, James G. |
| 9 (RLIN) | 48715 |
| 942 ## - ADDED ENTRY ELEMENTS (KOHA) | |
| Source of classification or shelving scheme | |
| Koha item type | Book |
| Withdrawn status | Lost status | Source of classification or shelving scheme | Damaged status | Not for loan | Permanent Location | Current Location | Date acquired | Total Checkouts | Full call number | Barcode | Date last seen | Price effective from | Koha item type |
|---|---|---|---|---|---|---|---|---|---|---|---|---|---|
| Military College of Engineering (MCE) | Military College of Engineering (MCE) | 12/18/2014 | 355.33041 LEA | MCE-19536 | 12/18/2014 | 12/18/2014 | Book | ||||||
| Military College of Engineering (MCE) | Military College of Engineering (MCE) | 12/18/2014 | 355.33041 LEA | MCE-19537 | 12/18/2014 | 12/18/2014 | Book |
